000 00743nam a22002177a 4500
999 _c7745
_d7745
003 AR-CdUCM
008 190321b ||||| |||| 00| 0 spa d
040 _aMUNICIPALIDAD PROVINCIAL DEL CUSCO
_cBIBLIOTECA MUNICIPAL DEL CUSCO
082 _23ed.
_a511 /
_bR63
100 _aRio, Santiago
_921886
245 _aFracciones, Decimales y problemas /
260 _aSanta Maria de Nieva :
_bR Graficos Creativos,
_c2007.
300 _a39 paginas ;
_bGraficos, tablas, ilustraciones,
_c30 cm.
505 _aContenido: fracciones, decimales, y problemas de matematicas
650 _aFracciones
_921887
650 _aDecimales
_921888
650 _aProblemas
_99246
650 _aMatematicas en general
_921889
942 _2ddc
_cLIBROS
945 _apjha